| 000 | 00651nam a2200217 4500 | ||
|---|---|---|---|
| 001 | sa 68018174 | ||
| 003 | DLC | ||
| 005 | 20260227112709.0 | ||
| 008 | 711210s1965 ii c b 000 0aeng | ||
| 010 | _asa 68018174 | ||
| 025 | _aPL480:I-E-10552 | ||
| 040 |
_aDLC _cDLC _dDLC |
||
| 050 | 0 | 0 |
_aDS479.1.L27 _bA2 1965 |
| 100 | 0 |
_aLajpat Rai, _cLala, _d1865-1928. |
|
| 245 | 1 | 0 | _aLala Lajpat Rai; the man in his own words. |
| 260 |
_a[Bombay] _bThe Maharashtra State Lajpatrai Centenary Committee, _c1965. |
||
| 300 |
_axi, 241 p. _bport. _c19 cm. |
||
| 350 | _a4.10 | ||
| 504 | _aBibliographical footnotes. | ||
| 600 | 0 | 0 |
_aLajpat Rai, _cLala, _d1865-1928. |
| 999 |
_c88220 _d88220 |
||